<?xml version="1.0" encoding="UTF-8"?>
<collection xmlns="http://www.loc.gov/MARC21/slim">
 <record>
  <leader>02906nam a2200205Ia 4500</leader>
  <controlfield tag="001">CTU_227532</controlfield>
  <controlfield tag="008">210402s9999    xx            000 0 und d</controlfield>
  <datafield tag="082" ind1=" " ind2=" ">
   <subfield code="a">382</subfield>
  </datafield>
  <datafield tag="082" ind1=" " ind2=" ">
   <subfield code="b">H107</subfield>
  </datafield>
  <datafield tag="100" ind1=" " ind2=" ">
   <subfield code="a">Dương, Hữu Hạnh</subfield>
  </datafield>
  <datafield tag="245" ind1=" " ind2="0">
   <subfield code="a">Nghiệp vụ vận tải và bảo hiểm hàng hải trong ngoại thương : (nguyên tắc và thực hành) =</subfield>
  </datafield>
  <datafield tag="245" ind1=" " ind2="0">
   <subfield code="b">Marine transport and insurance in foreign trade : (Principles and practice)</subfield>
  </datafield>
  <datafield tag="245" ind1=" " ind2="0">
   <subfield code="c">Dương Hữu Hạnh</subfield>
  </datafield>
  <datafield tag="260" ind1=" " ind2=" ">
   <subfield code="a">Hà Nội</subfield>
  </datafield>
  <datafield tag="260" ind1=" " ind2=" ">
   <subfield code="b">Tài chính</subfield>
  </datafield>
  <datafield tag="260" ind1=" " ind2=" ">
   <subfield code="c">1999</subfield>
  </datafield>
  <datafield tag="520" ind1=" " ind2=" ">
   <subfield code="a">Giao nhận, vận tải và bảo hiểm trong ngoại thương thực chất là nghiệp vụ Giao nhận Vận tải quốc tế đề cập đến những nội dung được cụ thể hoá trong từng nghĩa vụ qui định của Incoterms, là một trong những nội dung quan trọng nhất trong một chuỗi các nghiệp vụ của quá trình thực hiện một hợp đồng xuất khẩu hoặc nhập khẩu. Nội dung của nghiệp vụ là quá trình cụ thể hoá tất cả các môn liên quan đến nghiệp vụ ngoại thương như luật, kỹ thuật nghiệp vụ ngoại thương, thanh toán quốc tế, thủ tục hải quan. Để khắc phục cuốn sách “Nghiệp vụ giao nhận vận tải và bảo hiểm trong ngoại thương” sẽ trang bị thêm cho những người làm công tác ngoại thương và sinh viên những kiến thức và các kỹ năng thực hành cơ bản về nghiệp vụ vận tải, giao nhận và bảo hiểm trong đó có nghiệp vụ về thủ tục hải quan theo Luật Hải quan cũng như việc thực hiện khai báo trị giá hàng nhập khẩu theo Hiệp định Chung vầ Thuế quan và Mậu dịch – GATT, là nền tảng, là cơ sở thực tiễn hình thành tư duy trí tuệ phát triển những kỹ năng kinh doanh đa dạng hơn để đủ sức cạnh tranh với các doanh nghiệp nước ngoài, đồng thời cung cấp những kiến thức mới, cập nhật và hiện đại về các lĩnh vực này từng bước góp phần để Việt Nam hội nhập vào kinh tế khu vục và thế giới trong đó có Hiệp hội các nước  Đông Nam Á, khu vực Mậu dịch Tự do, Diễn đàn Hợp tác Kinh tế Châu Á – Thái Bình Dương và Tổ chức Thương mại Thế giới (WTO).</subfield>
  </datafield>
  <datafield tag="650" ind1=" " ind2=" ">
   <subfield code="a">Vận tải,Transportation</subfield>
  </datafield>
  <datafield tag="910" ind1=" " ind2=" ">
   <subfield code="b">dqhieu</subfield>
  </datafield>
  <datafield tag="980" ind1=" " ind2=" ">
   <subfield code="a">Trung tâm Học liệu Trường Đại học Cần Thơ</subfield>
  </datafield>
 </record>
</collection>
